| 000 | 00771nam a22002057a 4500 | ||
|---|---|---|---|
| 005 | 20251108172910.0 | ||
| 008 | 250721s9999 xx 000 0 ara d | ||
| 082 | 1 | 4 | _aم/213.63/نبه |
| 100 | 1 | _aالنبهاني، يوسف بن إسماعيل | |
| 245 | 1 | 0 | _aالفتح الكبير في ضم الزيادة إلى الجامع الصغير / |
| 246 | 1 | 3 | _aالجامع الصغير و زيادته |
| 264 | 1 |
_aبيروت : _bدار الأرقم بن أبي الأرقم، |
|
| 300 | _aمج 2 | ||
| 650 | 1 | 7 | _aالأحاديث |
| 650 | 1 | 7 | _aالأحكام الشرعية |
| 650 | 1 | 7 | _aالفقه الإسلامي |
| 700 | 1 | _aالسيوطي، جلال الدين أبو الفضل عبد الرحمن................ | |
| 942 |
_2ddc _cREF |
||
| 999 |
_c91281 _d91281 |
||